LEADER 00983nam a2200217 i 4500 001 000000180500 003 CaOOAMICUS 005 20000713000000.0 008 000713n it u000 u fre u 013 $a158145 040 $aSeMil$bita 100 1 $aDuguet, Roger,$d<1875-1933>.$0(OLS)http://semarc/name/48841 245 13$aLe Message du Sacré-Coeur à Louis 14. et le P. de la Chaise étude historique et critique /$cI. De Recalde. 260 $aParis :$bÉditions et Librairie,$c199[?] 300 $a126 p. ;$c19 cm. 500 $aContiene : Appendice. 650 4$aCristianesimo e stato - Francia - Sec. 17.$0(OLS)http://semarc/subject/34290 850 $aSeMil 852 $aSeMil$W1$xVenegono$y1$m3C I 100$j131248$B131248$CSeMilBibl$Z2$F143132 $81 996 $6245$aLe Message du Sacré-Coeur à Louis 14. et le P. de la Chaise étude historique et critique$9(OLS)http://semarc/title/259180 996 $6260$aParis :$bÉditions et Librairie$9(OLS)http://semarc/publisher/49574 LEADER 01132nam a2200253 i 4500 001 000000232247 003 CaOOAMICUS 005 20250819084840.0 008 140822s1963 ne u000 u eng u 013 $a211150 040 $aSeMil$bita 110 2 $aInternational Organization for the Study of Old Testament.$0(OLS)http://semarc/name/2406 245 10$aCongress volume, Bonn 1962. 260 $aLeiden :$bE. J. Brill,$c1963. 300 $a341 p., [1] carta di tav. ;$c25 cm. 490 0 $aSupplements to Vetus Testamentum ;$vVolume9. 650 4$aBibbia. Antico Testamento - Commentari, studi, critica, interpretazioni.$0(OLS)http://semarc/subject/2 650 4$aBibbia. Antico Testamento - Atti di congressi.$0(OLS)http://semarc/subject/37751 830 0$aSupplements to Vetus Testamentum ;$v9.$0(OLS)http://semarc/title/41355 850 $aSeMil 852 $aSeMil$W1$xVenegono$y1$m2YA Q 9$j260682$B182593$CSeMilBibl$Z2$F193615 $81 996 $6245$aCongress volume, Bonn 1962$9(OLS)http://semarc/title/331414 996 $6260$aLeiden :$bE. J. Brill$9(OLS)http://semarc/publisher/30490